The Myth of Hindu Terror: (Record no. 188835)

MARC details
000 -LEADER
fixed length control field 00585nam a22001817a 4500
005 - DATE AND TIME OF LATEST TRANSACTION
control field 20220606121154.0
010 ## - LCCN (DPL NO)
LC control number ENG-133024
020 ## - INTERNATIONAL STANDARD BOOK NUMBER
International Standard Book Number 9789386473271
Terms of availability 495.00
035 ## - SYSTEM CONTROL NUMBER
System control number EN-116556
037 ## - SOURCE OF ACQUISITION
Source of stock number/acquisition DBAD/PUB
082 ## - DEWEY DECIMAL CLASSIFICATION NUMBER
Classification number 363.3250954
100 ## - MAIN ENTRY--PERSONAL NAME
Personal name Mani, RVS
245 ## - TITLE STATEMENT
Title The Myth of Hindu Terror:
Remainder of title Insider Account of Ministry of Home Affairs 2006-2010/
Statement of responsibility, etc RVS Mani
260 ## - PUBLICATION, DISTRIBUTION, ETC. (IMPRINT)
Place of publication, distribution, etc New Delhi
Name of publisher, distributor, etc Vitasta Publishing Pvt Ltd
Date of publication, distribution, etc 2018
270 ## - ADDRESS
Address 2/15, Ansari Road, Dariyaganj
City New Delhi
Postal code 110002
300 ## - PHYSICAL DESCRIPTION
Extent 219p.
Dimensions 21cm(pbk)
942 ## - ADDED ENTRY ELEMENTS (KOHA)
Source of classification or shelving scheme Dewey Decimal Classification
Item type English Books
Call number suffix MAN
Classification part 363.3250954
Holdings
Withdrawn status Lost status Not for loan Collection code Home library Current library Date acquired Source of acquisition Cost, normal purchase price Full call number Barcode Copy number Cost, replacement price Koha item type
      Non-fiction Patel Nagar Patel Nagar 06/06/2022 DBAD/PUB 495.00 363.3250954 MAN EN-116556 1 495.00 English Books

© Delhi Public Library
Hit Counter
free hit counter